| 000 | 01337cam a2200241 4500 | ||
|---|---|---|---|
| 001 | ABS68695 | ||
| 008 | 050304n2005 000 0 eng u | ||
| 035 | _a(Sirsi) u128950 | ||
| 100 | _aHarris, P. | ||
| 245 | _aBiting back | ||
| 260 | _c2005 | ||
| 490 |
_aBuilding _v270(8370) 25 February 2005, 52-53(2) |
||
| 520 | _aDiscusses the review of the Housing, Grants Construction and Regeneration Act 1996 Part II by the Payment Working Group. One of the recommendations of the group is to remove s110(2) of the Act which requires a formal payment notice by the payer and a due date for payment. Acknowledges that the motives for this suggestion are understandable as payers frequently fail to submit their s110(2) notice and there is no sanction against this. However, argues that it would be better to keep the s110(2) and apply a sanction for default rather than abolish it altogether. | ||
| 590 | _aABS | ||
| 650 | _aHOUSING GRANTS, CONSTRUCTION AND REGENERATION ACT 1996 PART II | ||
| 650 | _aHOUSING GRANTS, CONSTRUCTION AND REGENERATION ACT 1996 S110(2) | ||
| 650 | _aSECTION 110(2) NOTICES | ||
| 650 | _aPAYMENT NOTICES | ||
| 650 | _aACSIM SOUTHERN LTD V DANISH CONTRACTING AND DEVELOPMENT CO | ||
| 650 | _aA CAMERON LTD V JOHN MOWLEM AND CO PLC | ||
| 690 | _aBUILT ENVIRONMENT-BUILDING CONTRACT FORMS | ||
| 942 | _n0 | ||
| 999 |
_c74883 _d74883 |
||